Statistics for Provinces of Equatorial Guinea (With a Map)

Click here to take the quiz!

General Stats

  • This quiz has been taken 67 times
  • The average score is 5 of 7

Answers on the Map

Answers color-coded by a green-red scale on the quiz's map according to % correct below.
Loading ...
 

Answer Stats

Province% Correct
Bioko Norte
83%
Bioko Sur
83%
Centro Sur
67%
Litoral
67%
Annobón
63%
Kié-Ntem
50%
Wele-Nzas
46%

Score Distribution

Percentile by Number Answered

Percent of People with Each Score

Your Score History

You have not taken this quiz